000 00704nam a22002297a 4500
005 20170124110255.0
010 _aA-816677
020 _a0074631853
035 _aA-816677
037 _bCen Lib/Ret
040 _aDPL
_bEN
082 _a332.6
_bSEC
245 _aSecurity analysis and portfolia management /
260 _aNew Delhi
_bPrentice Hall of India
_c1996
270 _bNew Delhi
_aM-97, Connaught Circus
_e110001
300 _av, 143p.
_c23cm(Hb)
490 _aICFAI-TMH contemporary management series
500 _aIncludes index
650 _aEnvestment environment
_xSecurity
_9112922
650 _aCost investment
_9112923
942 _2ddc
_cEN
_h332.632
_mSEC
999 _c136173
_d136173